000 00382nam a2200157Ia 4500
008 230711s9999||||xx |||||||||||||| ||und||
041 _aENG
082 _a624
_bBU-I
100 _aBureau of Indian Standard
245 0 _aIS : 2720 Pt VI 1972
250 _a1st
260 _c2007
_aNew Delhi
_bBureau of Indian Standard
300 _a11
650 _aCivil Engineering
942 _cBK
999 _c4769
_d4769